Baby Blue Movie (Cigarettes After Sex) - Statistics

General Stats
  • This quiz has been taken 25 times
  • The average score is 193 of 241
Answer Stats
Answer % Correct
baby
100%
the
100%
to
100%
a
93%
(a
93%
blue
93%
i
93%
and
87%
just
87%
know
87%
love,
87%
love
87%
movie
87%
too
87%
want
87%
want,
87%
you
87%
all
80%
don't
80%
hurricane
80%
(hurricane
80%
i'm
80%
little
80%
me
80%
new
80%
understand?
80%
understand
80%
wanted
80%
(wanted
80%
bestie,
73%
gave
73%
her
73%
is
73%
needed?
73%
needed
73%
not
73%
Sarah,
73%
shy
73%
shy)
73%
sweet
73%
that
73%
eye
67%
eye)
67%
feel
67%
had
67%
it
67%
make
67%
always4tuesdays
60%
Brooklyn
60%
Hotel
60%
House
60%
perfectly
60%
sweeter?
60%
they
60%
with
60%
gonna
53%
how
53%
sing
53%
sing)
53%
they're
53%
at
47%
No matching quizzes found
Score Distribution
Percent of People with Each Score
Percentile by Number Answered
Your Score History
You have not taken this quiz